La revolución rusa : (Record no. 120570)

MARC details
000 -LEADER
campo de control de longitud fija 00748nam a2200205 i 4500
001 - NÚMERO DE CONTROL
campo de control 120570
003 - IDENTIFICADOR DE NÚMERO DE CONTROL
campo de control ES-MaACL
005 - FECHA Y HORA DE LA ÚLTIMA TRANSACCIÓN
campo de control 20230906191559.0
008 - DATOS DE LONGITUD FIJA--INFORMACIÓN GENERAL
campo de control de longitud fija 070214s1931 sp |||| | spa d
080 ## - NÚMERO DE LA CLASIFICACIÓN DECIMAL UNIVERSAL
Número de la Clasificación Decimal Universal 94(470)"1905/07
080 ## - NÚMERO DE LA CLASIFICACIÓN DECIMAL UNIVERSAL
Número de la Clasificación Decimal Universal 338.1(470)"18/19"
100 1# - ENTRADA PRINCIPAL--NOMBRE DE PERSONA
Nombre de persona Pokrovskii, Mijail Nikolaevich.
9 (RLIN) 92781
245 13 - MENCIÓN DEL TÍTULO
Título La revolución rusa :
Resto del título historia de sus causas económicas /
Mención de responsabilidad, etc. Mijail Nikolaevich Pokrovskii ; traducción del ruso por Andrés Nin.
260 ## - PUBLICACIÓN, DISTRIBUCIÓN, ETC.
Lugar de publicación, distribución, etc. Madrid :
Nombre del editor, distribuidor, etc. Editorial España,
Fecha de publicación, distribución, etc. 1931 (
Fabricante Suc. de Rivadeneyra)
300 ## - DESCRIPCIÓN FÍSICA
Extensión 338 p. ;
Dimensiones 20 cm.
651 #4 - PUNTO DE ACCESO ADICIONAL DE MATERIA--NOMBRE GEOGRÁFICO
Nombre geográfico Rusia-
Subdivisión general Historia-
Subdivisión cronológica 1905-1907, Revolución.
9 (RLIN) 9335
651 #4 - PUNTO DE ACCESO ADICIONAL DE MATERIA--NOMBRE GEOGRÁFICO
Nombre geográfico Rusia-
Subdivisión general Situación económica.
9 (RLIN) 164924
700 1# - ENTRADA AGREGADA--NOMBRE PERSONAL
Nombre de persona Nin, Andreu.
9 (RLIN) 85748
852 ## - LOCALIZACIÓN
Ubicación ES-MaACL
Número de control de estantería A-508
Holdings
Estatus retirado Estado de pérdida Estado de daño No para préstamo Biblioteca de origen Biblioteca actual Ubicación en estantería Fecha de adquisición Fuente de adquisición Total de préstamos Signatura topográfica completa Código de barras Visto por última vez Precio de reemplazo Tipo de ítem Koha
        Biblioteca del Ateneo de Madrid Biblioteca del Ateneo de Madrid Sala Pecera Planta 1 17/01/2008     A-508 1125674 23/02/2023 23/02/2023 Libro impreso